| 000 | 00867cam a2200265 a 4500 | ||
|---|---|---|---|
| 001 | 18728 | ||
| 003 | BD-RjUL | ||
| 005 | 20211209000327.0 | ||
| 008 | 140222s1970 ii a b 000 0 eng | ||
| 035 | _a(BD-RjUL) | ||
| 040 |
_aDLC _cDLC _dDLC _dBD-RjUL _beng |
||
| 041 | _aeng | ||
| 082 | 0 | 0 |
_a813.308 _221 _bAME 1970 |
| 245 | 0 | 0 |
_a American literature of the 19th century / _cedited by William J. Fisher ...[et al]. |
| 250 | _a2nd ed. | ||
| 260 |
_aNew Delhi : _bEurasia publishing house, _c1970. |
||
| 300 |
_axiv, 546 p. : _bill. ; _c24 cm. |
||
| 650 | 0 |
_aAmerican literature _y19th century. _957701 |
|
| 650 | 0 |
_aPopular literature _zUnited States. _957702 |
|
| 651 | 0 |
_aUnited States _xCivilization _y19th century _vLiterary collections. _957703 |
|
| 700 | 1 |
_a Fisher, William J., _957704 |
|
| 942 |
_2ddc _cBK |
||
| 999 |
_c18728 _d18728 |
||